Statistics for Do you Know the Hunger Games

Click here to take the quiz!

General Stats

  • This quiz has been taken 104 times
  • The average score is 4 of 5

Answer Stats

HintAnswer% Correct
How many districts are there?12
94%
What is Katniss' surname?Everdeen
92%
Where is Panem?North America
66%
Who is Cinna?Stylist
54%
where does katniss live?12
52%

Score Distribution

Percentile by Number Answered

Percent of People with Each Score

Your Score History

You have not taken this quiz